01057cam a2200229 a 450000500170000000800390001702000180005602000180007404000510009204100080014310000200015124500440017126000810021530000250029649000390032150400530036050503050041365000330071865000200075165000260077165000300079720140903175042.0091217s2010 xxu frb 001 0 eng a9780816666676 a9780816666683 aCO-BoUCMbengcJose A. GerenadDiana Londoño aeng1 aSoja, Edward W.10aSeeking spatial justicecEdward W. Soja aMinneapolis (Minessota, Estados Unidos)bUniversity of Minnesota pressc2010 axviii, 256 páginas1 aGlobalization and community series aIncluye referencias bibliográficas e índices0 aWhy spatial? why justice? Why L.A.? Why now? -- On the production of unjust geographies -- Building a spatial theory of justice -- Seeking spatial justice in Los Angeles -- Translating theory into practice : urban planning at UCLA -- Seeking spatial justice after 9/11 : continuities and conclusions. 7aAdministración de justicia 7aJusticia social 7aPercepción espacial 7aPercepción geográfica